000 00550nam a2200181Ia 4500
003 GCL
008 140319s9999 xx 000 0 ara d
040 _aGCL /
_cGCL
082 0 4 _a229.7
_bع ا
100 1 _aعكرمة سعيد صبرى
245 1 0 _aاضواء على اعجاز القران الكريم /
_cعكرمة سعيد صبرى
300 _a139 ص
490 _aالهيئة العامة للاستعلامات
_v0
650 0 4 _aكتاب الله
650 0 4 _aالقران - اعجاز
650 0 4 _aالقران
942 _2ddc
_cBK
999 _c48032
_d48032